000 00341nam a2200133Ia 4500
008 240112s1982 JULY xx 000 0 und d
041 _aeng
082 _a6015.103
100 _aMODELL W.
245 _aCLINICAL PHARMACOLOGY & THERAPEUTICS
260 _bTHE C.V.MOSBY COMPANY
_c1982 JULY
300 _a810,HB
_c(1-6)
440 _v32
999 _c1142260
_d1142260